[Event "35th Asia-ch U20"]
[Site "Sharjah UAE"]
[Date "2013.03.30"]
[Round "1.1"]
[White "Salem, A.R. Saleh"]
[Black "Chahrour, Ibrahim"]
[Result "1-0"]
[WhiteElo "2518"]
[BlackElo "1974"]
[EventDate "2013.03.30"]

1.d4 Nf6 2.c4 g6 3.Nc3 Bg7 4.e4 d6 5.f3 O-O 6.Be3 e5 7.d5 Nh5 8.Qd2 Qh4+ 
9.g3 Nxg3 10.Qf2 Nxf1 11.Qxh4 Nxe3 12.Ke2 Nxc4 13.Rc1 Na6 14.Nd1 Nb6 15.
Ne3 Bd7 16.Nh3 f6 17.Rhg1 Rf7 18.Ng4 Re8 19.Nh6+ Bxh6 20.Qxh6 Na4 21.b3 
N4c5 22.Nf2 c6 23.Rcd1 cxd5 24.Rxd5 Nc7 25.Rxd6 Nb5 26.Rd5 Nc3+ 27.Ke3 
Nxd5+ 28.exd5 Bf5 29.Rc1 Na6 30.Ne4 Rd8 31.Ng3 Bd7 32.a3 f5 33.f4 Be8 34.
Nh5 e4 35.Qg5 Rd6 36.Rc8 Nc7 37.Nf6+ Rdxf6 38.Rxc7 Kg7 39.Rc8 Bd7 40.Rb8 
Bb5 41.Qg1 Rd7 42.Qa1 Rxd5 43.Rxb7+ Bd7 44.Rb8 Rd3+ 45.Ke2 Kf7 46.Rh8 Rh3 
47.Kf2 Rd6 48.Kg2 Rh4 49.Qc1 Rc6 50.Qd2 Ke7 51.h3 Rd6 52.Qa5 Bc6 53.Qe5+ 
Re6 54.Qc7+ Bd7 55.Qc5+ 1-0

[Event "35th Asia-ch U20"]
[Site "Sharjah UAE"]
[Date "2013.03.30"]
[Round "1.2"]
[White "Abo-Hazeem, Mohanned"]
[Black "Debashis, Das"]
[Result "0-1"]
[WhiteElo "1929"]
[BlackElo "2477"]
[EventDate "2013.03.30"]

1.d4 Nf6 2.Nf3 e6 3.Bg5 d5 4.e3 c5 5.c3 Nc6 6.Bd3 Qb6 7.Qb3 c4 8.Qxb6 axb6
9.Bc2 b5 10.O-O h6 11.Bh4 b4 12.Nbd2 bxc3 13.bxc3 Ra3 14.Nb1 Ra5 15.Nbd2 
b5 16.Ne5 Bb7 17.a4 b4 18.Nxc6 Bxc6 19.cxb4 Bxb4 20.Rfb1 Bd6 21.e4 g5 22.
Bg3 Bxg3 23.hxg3 Nd7 24.exd5 exd5 25.Rb4 Kd8 26.Nb1 Kc7 27.Nc3 Rb8 28.Rxb8
Nxb8 29.Re1 Bd7 30.Re7 Nc6 31.Rxf7 Nxd4 32.Nb5+ Nxb5 33.axb5 Kd6 34.b6 Ra2
35.Bf5 Bxf5 36.Rxf5 Rb2 37.Kf1 c3 38.Ke1 Rb1+ 0-1

[Event "35th Asia-ch U20"]
[Site "Sharjah UAE"]
[Date "2013.03.30"]
[Round "1.3"]
[White "Grover, Sahaj"]
[Black "Walid, Anwar"]
[Result "1-0"]
[WhiteElo "2467"]
[BlackElo "1893"]
[EventDate "2013.03.30"]

1.e4 e5 2.Nf3 Nf6 3.Nc3 Bb4 4.Nxe5 O-O 5.Nd3 Bxc3 6.dxc3 Nxe4 7.Be2 d5 8.
O-O Nc6 9.Nf4 Nf6 10.Bf3 Ne7 11.Re1 c6 12.c4 Bf5 13.b3 Ng6 14.Nxg6 hxg6 
15.cxd5 Nxd5 16.Ba3 Nc3 17.Qc1 Re8 18.Rxe8+ Qxe8 19.Qd2 Nb5 20.Bb2 Rd8 21.
Qb4 Qf8 22.Qf4 Qc5 23.c3 Qd6 24.Qxd6 Rxd6 25.Rd1 Rxd1+ 26.Bxd1 Nd6 27.c4 
f6 28.Bd4 a6 29.a4 Kf7 30.f3 Be6 31.Kf2 Nf5 32.Bc5 b5 33.Be2 bxa4 34.bxa4 
Ke8 35.g4 Ne7 36.Ke3 f5 37.Kd4 Kd7 38.a5 g5 39.Bxe7 1-0

[Event "35th Asia-ch U20"]
[Site "Sharjah UAE"]
[Date "2013.03.30"]
[Round "1.4"]
[White "Sultan, Ibrahim"]
[Black "Narayanan, Srinath"]
[Result "0-1"]
[WhiteElo "1886"]
[BlackElo "2440"]
[EventDate "2013.03.30"]

1.d4 Nf6 2.c4 e6 3.Nf3 c5 4.d5 d6 5.Nc3 exd5 6.cxd5 g6 7.e4 Bg7 8.Bd3 O-O 
9.O-O a6 10.a4 Bg4 11.h3 Bxf3 12.Qxf3 Nbd7 13.Bf4 Qc7 14.Rfe1 Nh5 15.Bh2 
Rfe8 16.g4 Nhf6 17.Qg3 Ne5 18.Bf1 g5 19.Qe3 h6 20.Ne2 Nc4 21.Qc1 Na5 22.
Rb1 Rxe4 23.b4 Rc4 24.Qd2 cxb4 25.Nd4 Nxg4 26.Bxc4 Nxc4 27.Qxb4 Nxh2 28.
Kxh2 Bxd4 29.Rbc1 Be5+ 30.Rxe5 dxe5 31.Rxc4 Qd7 32.d6 Rd8 33.Rc7 Qxd6 34.
Qxb7 e4+ 35.Kg1 Qd1+ 36.Kh2 Qf3 0-1

[Event "35th Asia-ch U20"]
[Site "Sharjah UAE"]
[Date "2013.03.30"]
[Round "1.5"]
[White "Anurag, Mhamal"]
[Black "Mayed, Al-Rashedi"]
[Result "1-0"]
[WhiteElo "2401"]
[BlackElo "1785"]
[EventDate "2013.03.30"]

1.c4 e5 2.g3 Nf6 3.Bg2 Nc6 4.Nc3 Be7 5.Nf3 d6 6.O-O O-O 7.Rb1 Be6 8.d3 Ne8
9.b4 Qc8 10.b5 Nb8 11.Ng5 Bxg5 12.Bxg5 f5 13.Nd5 Rf7 14.Ne7+ Rxe7 15.Bxe7 
h6 16.f4 Nd7 17.e4 fxe4 18.fxe5 dxe5 19.Bxe4 Nef6 20.Bg2 Rb8 21.Qe2 Bg4 
22.Qe3 Qe8 23.Bxf6 Nxf6 24.Rbe1 a6 25.Qc5 axb5 26.Rxe5 Qg6 27.h3 Bxh3 28.
Bxh3 Qxg3+ 29.Bg2 Ng4 30.Rh5 Ne3 31.Rf2 Ng4 32.Rf3 Qe1+ 33.Rf1 Qe2 34.Bf3 
Qxd3 35.Qd5+ Qxd5 36.Bxd5+ Kh7 37.Be4+ Kg8 38.Rxb5 Ra8 39.Rxb7 1-0

[Event "35th Asia-ch U20"]
[Site "Sharjah UAE"]
[Date "2013.03.30"]
[Round "1.6"]
[White "Abdulla, Abdulwahab"]
[Black "Tran, Tuan Minh"]
[Result "0-1"]
[WhiteElo "1773"]
[BlackElo "2310"]
[EventDate "2013.03.30"]

1.e4 e6 2.d4 d5 3.exd5 exd5 4.Bd3 Nc6 5.c3 Bd6 6.Be3 Nge7 7.Qc2 Be6 8.Nd2 
Qd7 9.O-O-O O-O-O 10.Ngf3 h6 11.h4 Kb8 12.b4 Bf5 13.Ne1 Rhe8 14.Nb3 Bxd3 
15.Nxd3 Nf5 16.Bf4 b6 17.b5 Nce7 18.a4 Bxf4+ 19.Nxf4 Qd6 20.Nd3 Qa3+ 21.
Kd2 Nd6 22.Ra1 Nc4+ 23.Kd1 Qd6 24.a5 Qg6 25.Rh2 Nf5 26.Kc1 Nfd6 27.axb6 
cxb6 28.Ne5 Nxe5 29.dxe5 Nxb5 30.Qxg6 fxg6 31.Nd4 Nxd4 32.cxd4 Rf8 33.f3 
Rf4 34.Ra4 Kb7 35.Kd2 b5 36.Rb4 Kb6 37.Ke3 Rf7 38.Rh3 a5 39.Rb2 Rc7 40.Rg3
Rc6 41.h5 g5 42.Kd2 Rc4 43.Kd3 b4 44.Re2 Rdc8 45.Rd2 b3 0-1

[Event "35th Asia-ch U20"]
[Site "Sharjah UAE"]
[Date "2013.03.30"]
[Round "1.7"]
[White "Kowsarinia, Amir"]
[Black "Hamdan, Marshool"]
[Result "1-0"]
[WhiteElo "2301"]
[BlackElo "1756"]
[EventDate "2013.03.30"]

1.d4 d5 2.c4 e6 3.Nc3 Nf6 4.Bg5 Nbd7 5.cxd5 exd5 6.e3 c6 7.Bd3 Qa5 8.Qc2 
Bb4 9.Ne2 O-O 10.O-O h6 11.Bh4 Bd6 12.f3 Qc7 13.Kh1 Re8 14.e4 dxe4 15.fxe4
Bxh2 16.e5 Bxe5 17.dxe5 Qxe5 18.Rf5 Qc7 19.Raf1 Ne5 20.Bxf6 Bxf5 21.Bxf5 
gxf6 22.Nd5 Qa5 23.Nxf6+ Kf8 24.Qc1 Red8 25.Qxh6+ Ke7 26.Bh3 Rh8 27.Nd5+ 
cxd5 28.Qf6+ 1-0

[Event "35th Asia-ch U20"]
[Site "Sharjah UAE"]
[Date "2013.03.30"]
[Round "1.8"]
[White "Ali, Rashid Ghanem"]
[Black "Iyti, Basher"]
[Result "0-1"]
[WhiteElo "1741"]
[BlackElo "2292"]
[EventDate "2013.03.30"]

1.d4 Nf6 2.Nf3 b5 3.g3 Bb7 4.Bg2 e6 5.O-O c5 6.c3 cxd4 7.cxd4 Be7 8.b3 O-O
9.Nbd2 d6 10.Bb2 Nbd7 11.Rc1 Rc8 12.Re1 Rxc1 13.Qxc1 Qa8 14.Qb1 Ne4 15.Qd3
Nxd2 16.Qxd2 Rc8 17.Rc1 Be4 18.Rxc8+ Qxc8 19.Qc3 Qb7 20.Qc1 Nb6 21.Qf4 f5 
22.Bf1 h6 23.h4 Qc6 24.Qc1 Qxc1 25.Bxc1 Nd5 26.Nd2 Bc2 27.Bb2 f4 28.Kg2 
Bd8 29.Kf3 fxg3 30.fxg3 b4 31.a3 Ba5 32.Nc4 Bc7 33.Nd2 Kf7 34.e4 bxa3 35.
Bxa3 Nc3 36.Bb4 Na2 37.Ba3 d5 38.exd5 exd5 39.Bc5 a5 40.Bb5 Nc3 41.Bc6 Ke6
42.Ba3 Bd6 43.Bb2 Nd1 44.Ba4 Nxb2 0-1

[Event "35th Asia-ch U20"]
[Site "Sharjah UAE"]
[Date "2013.03.30"]
[Round "1.9"]
[White "Saiyn, Zhanat"]
[Black "Sultan, Marshool"]
[Result "1-0"]
[WhiteElo "2278"]
[BlackElo "1736"]
[EventDate "2013.03.30"]

1.d4 d5 2.c4 e6 3.cxd5 exd5 4.Nc3 Nf6 5.Bg5 Be7 6.e3 O-O 7.Bd3 Be6 8.Nf3 
Nbd7 9.h3 h6 10.Bf4 c5 11.O-O Re8 12.dxc5 Nxc5 13.Bb5 Bd7 14.Be2 Bc6 15.
Nd4 Bd6 16.Bxd6 Qxd6 17.Bf3 Nce4 18.Qd3 Qb4 19.Rab1 Nxc3 20.Qxc3 Qxc3 21.
bxc3 Ne4 22.Rfc1 Nd2 23.Rb2 Nxf3+ 24.gxf3 Re7 25.c4 dxc4 26.Rxc4 Rc8 27.
Rbc2 Re5 28.Nxc6 bxc6 29.Rxc6 Rxc6 30.Rxc6 Ra5 31.Rc2 Kf8 32.Kg2 Ke7 33.
Kg3 Kd6 34.h4 Ra4 35.h5 a5 36.f4 Kd5 37.Rd2+ Kc4 38.Rd4+ Kb5 39.Rxa4 Kxa4 
40.e4 f5 41.e5 Kb5 42.Kf3 Kc5 43.Ke3 Kd5 44.Kd3 a4 45.Kc3 a3 46.Kb3 g6 47.
hxg6 Ke6 48.Kc4 h5 49.Kd3 h4 50.Ke3 h3 51.Kf3 1-0

[Event "35th Asia-ch U20"]
[Site "Sharjah UAE"]
[Date "2013.03.30"]
[Round "1.10"]
[White "Ahmed, Fareed"]
[Black "Mukashev, Assan"]
[Result "0-1"]
[WhiteElo "1725"]
[BlackElo "2256"]
[EventDate "2013.03.30"]

1.e4 e6 2.d4 d5 3.exd5 Qxd5 4.Nf3 Nf6 5.Bd3 c5 6.Nc3 Qd8 7.Be3 cxd4 8.Nxd4
Be7 9.Qe2 O-O 10.Rd1 Qa5 11.O-O Nbd7 12.Nb3 Qc7 13.Nb5 Qb8 14.c4 a6 15.
N5d4 Bd6 16.h3 Ne5 17.Bb1 Ng6 18.Bg5 b6 19.Bxf6 gxf6 20.Be4 Re8 21.Bxa8 
Qxa8 22.Nf5 Bf8 23.Nd6 Rd8 24.Qe4 Qb8 25.Nxc8 Rxc8 26.Rd3 f5 27.Qd4 Bg7 
28.Qd6 Bxb2 29.Qxb8 Rxb8 30.Rb1 Be5 31.Rbd1 Bf6 32.Kf1 Ne5 33.Rg3+ Kf8 34.
Nd2 Rd8 35.Ke2 Nc6 36.Rd3 Rc8 37.Nf3 Nb4 38.Rb3 Nxa2 39.Re1 Rxc4 40.Rxb6 
Nc3+ 41.Kd3 Ra4 42.Ne5 Nd5 43.Rb8+ Kg7 44.Nd7 Nb4+ 45.Ke2 Ra2+ 46.Kf3 Nc2 
47.Reb1 Nd4+ 48.Kg3 Be7 49.R8b2 Bd6+ 50.Kh4 Ra4 51.Kh5 Nb5 52.Rd1 Be7 53.
g3 Nc3 54.Re1 Nd5 55.Nb6 0-1

[Event "35th Asia-ch U20"]
[Site "Sharjah UAE"]
[Date "2013.03.30"]
[Round "1.11"]
[White "Hosseinipour, Mehdi"]
[Black "Muhammed, Shuaau"]
[Result "1-0"]
[WhiteElo "2251"]
[BlackElo "1712"]
[EventDate "2013.03.30"]

1.e4 c5 2.Nf3 d6 3.d4 cxd4 4.Nxd4 Nf6 5.Nc3 a6 6.Be2 e6 7.O-O Be7 8.f4 O-O
9.a4 Nc6 10.Be3 Qc7 11.Kh1 Bd7 12.Nb3 Na5 13.Nd2 Rac8 14.Bd3 Nc6 15.g4 d5 
16.e5 d4 17.exf6 Bxf6 18.g5 dxc3 19.gxf6 cxd2 20.Qh5 h6 21.Rg1 1-0

[Event "35th Asia-ch U20"]
[Site "Sharjah UAE"]
[Date "2013.03.30"]
[Round "1.12"]
[White "Al-Zaruoni, Fahad"]
[Black "Gameel, Mohamed"]
[Result "0-1"]
[WhiteElo "1623"]
[BlackElo "2217"]
[EventDate "2013.03.30"]

1.d4 Nf6 2.Nf3 e6 3.g3 b6 4.Bg2 Bb7 5.O-O Be7 6.c4 O-O 7.Nc3 d5 8.b3 dxc4 
9.bxc4 c5 10.Bf4 cxd4 11.Nxd4 Bxg2 12.Kxg2 Qc8 13.Qb3 Nc6 14.Nf3 Na5 15.
Qa4 Qxc4 16.Qxc4 Nxc4 17.Nd2 Rfc8 18.Nde4 Rc6 19.Rac1 Nh5 20.Bg5 Ba3 21.
Rcd1 h6 22.Bc1 f5 23.Bxa3 Nxa3 24.Rd6 Rcc8 0-1

[Event "35th Asia-ch U20"]
[Site "Sharjah UAE"]
[Date "2013.03.31"]
[Round "2.1"]
[White "Mukashev, Assan"]
[Black "Salem, A.R. Saleh"]
[Result "0-1"]
[WhiteElo "2256"]
[BlackElo "2518"]
[EventDate "2013.03.30"]

1.d4 Nf6 2.c4 c5 3.Nf3 g6 4.g3 Bg7 5.Bg2 Qa5+ 6.Nbd2 cxd4 7.Nxd4 Nc6 8.Nc2
O-O 9.O-O d6 10.Rb1 Qh5 11.Ne3 Ng4 12.Nf3 Nce5 13.Nxg4 Bxg4 14.Qb3 Nxf3+ 
15.Bxf3 Bxf3 16.Qxf3 Qxf3 17.exf3 Rfc8 18.b3 a6 19.a4 b5 20.axb5 axb5 21.
cxb5 Rab8 22.Bb2 Rxb5 23.Bxg7 Kxg7 24.Rfe1 Kf6 25.Rb2 g5 26.Re4 d5 27.Re3 
Rc1+ 28.Kg2 Rb4 29.Rd3 e6 30.Ra2 Rb1 31.Ra6 Rb5 32.Ra3 Rc5 33.Rd2 h6 34.
Rd3 Rc2 35.f4 g4 0-1

[Event "35th Asia-ch U20"]
[Site "Sharjah UAE"]
[Date "2013.03.31"]
[Round "2.2"]
[White "Debashis, Das"]
[Black "Saiyn, Zhanat"]
[Result "1/2-1/2"]
[WhiteElo "2477"]
[BlackElo "2278"]
[EventDate "2013.03.30"]

1.d4 Nf6 2.c4 g6 3.Nc3 d5 4.Nf3 Bg7 5.Qa4+ c6 6.cxd5 Nxd5 7.e4 Nxc3 8.bxc3
O-O 9.Be2 c5 10.O-O cxd4 11.cxd4 Nc6 12.Bb2 Bg4 13.Rfd1 Bxf3 14.Bxf3 b5 
15.Qxb5 Nxd4 16.Qd3 e5 17.Bg4 Qg5 18.Bh3 Rfd8 19.Kh1 Rab8 20.Bc1 Qh4 21.
Be3 Nb3 22.Qxd8+ Rxd8 23.Rxd8+ Qxd8 24.axb3 Qd3 25.Bxa7 Qc3 26.Rb1 Qc2 27.
Ra1 Qxe4 28.Bc5 Bf8 29.Bxf8 Kxf8 30.Kg1 Qd3 31.g3 Qxb3 32.Bg2 Kg7 33.Re1 
Qc3 34.Rb1 Qd4 35.Re1 f5 36.Rb1 e4 37.Rb7+ Kh6 38.Rb1 Qd2 39.Rf1 Kg7 40.
Ra1 Qd4 41.Re1 Kf6 42.Kf1 Qd2 43.Bh1 Qc3 44.Bg2 g5 45.Bh1 h5 46.Bg2 h4 47.
gxh4 gxh4 48.h3 Kg5 49.Re3 Qc1+ 50.Re1 Qd2 51.Re3 Kf4 52.Re1 Ke5 53.Re3 
Kd4 54.Re1 Kd3 55.Re3+ Kd4 56.Re1 Qd3+ 57.Kg1 f4 58.Bf1 Qd2 59.Re2 Qd1 60.
Rb2 e3 61.fxe3+ fxe3 62.Re2 Ke4 63.Ra2 Kf3 64.Rg2 Qe1 65.Rh2 1/2-1/2

[Event "35th Asia-ch U20"]
[Site "Sharjah UAE"]
[Date "2013.03.31"]
[Round "2.3"]
[White "Gameel, Mohamed"]
[Black "Grover, Sahaj"]
[Result "1/2-1/2"]
[WhiteElo "2217"]
[BlackElo "2467"]
[EventDate "2013.03.30"]

1.e4 e6 2.d4 d5 3.Nd2 c5 4.exd5 Qxd5 5.Ngf3 cxd4 6.Bc4 Qd6 7.O-O Nf6 8.Nb3
Nc6 9.Nbxd4 Nxd4 10.Qxd4 a6 11.Be3 b5 12.Bb3 Bb7 13.Ne5 Qc7 14.Qb6 Qxb6 
15.Bxb6 Nd5 16.Bxd5 Bxd5 17.a4 b4 18.Rfe1 Rc8 19.Rac1 Bd6 20.c4 bxc3 21.
bxc3 Ba3 22.Rcd1 Bb3 23.Rd3 Be7 24.c4 Bc2 25.Rg3 f6 26.Nf3 e5 27.Rxg7 Kf8 
28.Rg3 Rxc4 29.a5 Bb4 30.Rc1 Kf7 31.Ne1 Rhc8 32.Nxc2 Rxc2 33.Rd1 Rd2 34.
Rb1 Rb2 35.Rd1 Rd2 36.Rb1 Rdc2 37.Rd1 Rd2 1/2-1/2

[Event "35th Asia-ch U20"]
[Site "Sharjah UAE"]
[Date "2013.03.31"]
[Round "2.4"]
[White "Narayanan, Srinath"]
[Black "Hosseinipour, Mehdi"]
[Result "1-0"]
[WhiteElo "2440"]
[BlackElo "2251"]
[EventDate "2013.03.30"]

1.e4 c5 2.Nf3 d6 3.d4 cxd4 4.Nxd4 Nf6 5.Nc3 a6 6.h3 e5 7.Nde2 h5 8.Bg5 Be6
9.g3 Nbd7 10.Bg2 Be7 11.Qd2 Qc7 12.Rd1 Rc8 13.b3 b5 14.a3 Qb7 15.O-O Rd8 
16.f4 Nb6 17.Qe3 Qc7 18.Kh1 O-O 19.f5 Bc8 20.Bxf6 Bxf6 21.g4 Qc5 22.Qd2 
Bh4 23.gxh5 Kh7 24.Ng1 Rh8 25.Nf3 Bf6 26.Nh2 Kg8 27.Bf3 Kf8 28.Rg1 Ke7 29.
Ng4 Bb7 30.h6 gxh6 31.Nxf6 Kxf6 32.b4 Qc6 33.Bh5 Ke7 34.f6+ Ke8 35.Nd5 
Nxd5 36.exd5 Qc4 37.Qg2 Qc7 38.Qg8+ 1-0

[Event "35th Asia-ch U20"]
[Site "Sharjah UAE"]
[Date "2013.03.31"]
[Round "2.5"]
[White "Sattarov, Bobir"]
[Black "Anurag, Mhamal"]
[Result "0-1"]
[WhiteElo "2187"]
[BlackElo "2401"]
[EventDate "2013.03.30"]

1.Nf3 d5 2.d4 Nf6 3.Bf4 c5 4.e3 Qb6 5.Nc3 Bd7 6.Qd2 e6 7.Be2 Nc6 8.O-O 
cxd4 9.exd4 Rc8 10.Rfd1 Be7 11.Rab1 O-O 12.Ne5 Rfd8 13.Bg5 Ne8 14.Nxc6 
Bxg5 15.Qxg5 Rxc6 16.Na4 Qc7 17.Nc5 Nf6 18.Rd3 h6 19.Qh4 Bc8 20.Rg3 Kf8 
21.c3 e5 22.dxe5 Qxe5 23.Re3 Qc7 24.Nb3 Re6 25.Rxe6 fxe6 26.f4 Ne4 27.Nd4 
Kg8 28.Bd3 Rf8 29.g3 Nc5 30.Bf1 e5 31.fxe5 Qxe5 32.Bg2 Nd3 33.Rd1 Qe3+ 0-1

[Event "35th Asia-ch U20"]
[Site "Sharjah UAE"]
[Date "2013.03.31"]
[Round "2.6"]
[White "Tran, Tuan Minh"]
[Black "El Jawich, Amro"]
[Result "1/2-1/2"]
[WhiteElo "2310"]
[BlackElo "2190"]
[EventDate "2013.03.30"]

1.d4 Nf6 2.c4 g6 3.Nc3 Bg7 4.g3 O-O 5.Bg2 d6 6.Nf3 Nbd7 7.O-O e5 8.Qc2 Re8
9.Rd1 c6 10.b3 Qc7 11.dxe5 dxe5 12.Ng5 Nf8 13.Ba3 Bf5 14.e4 Bg4 15.f3 Bd7 
16.Nh3 Ne6 17.Bd6 Qb6+ 18.Qf2 Nd4 19.Na4 Qa5 20.Bc5 Rad8 21.Bxd4 exd4 22.
Nb2 c5 23.Nd3 Bxh3 24.Bxh3 Bh6 25.Kh1 Be3 26.Qg2 Qc7 27.e5 Rxe5 28.Nxe5 
Qxe5 29.Rd3 b6 30.Re1 Re8 31.Qf1 Nh5 32.f4 Qe7 33.Qf3 f5 34.Bf1 Nf6 35.Kg2
Kg7 36.h3 h5 37.b4 Qe6 38.bxc5 bxc5 39.Ra3 Re7 40.Bd3 h4 41.g4 fxg4 42.
hxg4 Qxg4+ 43.Qxg4 Nxg4 44.Ra6 h3+ 45.Kg3 Bf2+ 46.Kxg4 Bxe1 47.Rxg6+ Kf7 
48.Rh6 Re3 49.Rxh3 Rxh3 50.Kxh3 Kf6 51.Kg4 a5 52.Bc2 d3 53.Bxd3 a4 54.Kf3 
a3 55.Ke4 Bc3 56.Kd5 Bd4 57.Kc6 Ke6 58.Kb6 Be3 59.Kb5 Kd6 60.f5 Ke5 
1/2-1/2

[Event "35th Asia-ch U20"]
[Site "Sharjah UAE"]
[Date "2013.03.31"]
[Round "2.7"]
[White "Abdel Rabb, Raouf"]
[Black "Kowsarinia, Amir"]
[Result "0-1"]
[WhiteElo "2036"]
[BlackElo "2301"]
[EventDate "2013.03.30"]

1.e4 c5 2.Nf3 e6 3.d3 d5 4.Nbd2 Nc6 5.g3 g6 6.Bg2 Bg7 7.O-O Nge7 8.Re1 O-O
9.e5 Qc7 10.Qe2 f6 11.exf6 Rxf6 12.Nb3 b6 13.d4 Rxf3 14.Qxf3 c4 15.Bf4 e5 
16.dxe5 cxb3 17.e6 Qd8 18.axb3 Bb7 19.Ra4 b5 20.Raa1 Bxb2 21.Rad1 Bg7 22.
Bg5 Qf8 23.Qxf8+ Rxf8 24.Rxd5 Nxd5 25.Bxd5 Na5 26.e7+ Bxd5 27.e8=Q Rxe8 
28.Rxe8+ Kf7 29.Re7+ Kg8 30.Rxa7 Nc6 31.Rd7 Be4 32.c4 b4 33.Rb7 Bf8 34.Be3
Na5 35.Rb8 Kf7 36.c5 Nc6 37.Rb5 Bd5 38.Rb6 Ke6 39.Kf1 Bf3 40.Ke1 h5 41.Kd2
Kd5 42.Rb7 Be7 43.Rd7+ Ke6 44.Rc7 Be4 45.h4 Na5 46.Ke2 Nxb3 47.f3 Bd5 48.
c6 Na5 49.Rxe7+ Kxe7 50.Bc5+ Ke6 51.Bxb4 Nxc6 52.Bc5 Ne5 53.f4 Nd7 54.Ba7 
Kf5 55.Bd4 Nf6 56.Be5 Ne4 57.Kf3 Nc5+ 58.Ke2 Kg4 59.Ke3 Ne4 60.Kd4 Ba8 61.
Bc7 Nxg3 62.Ke5 Be4 63.Bd8 Bb1 64.Kf6 Bf5 65.Kg7 Nh1 66.Kf6 Ng3 67.Ke5 Ne2
68.Bg5 Bb1 69.Bd8 Bc2 70.Bg5 Bd3 71.Bd8 Nxf4 72.Kd4 Bf5 73.Ke3 Ng2+ 0-1

[Event "35th Asia-ch U20"]
[Site "Sharjah UAE"]
[Date "2013.03.31"]
[Round "2.8"]
[White "Iyti, Basher"]
[Black "Ikramul, Haque Siam"]
[Result "0-1"]
[WhiteElo "2292"]
[BlackElo "2079"]
[EventDate "2013.03.30"]

1.d4 d5 2.Nf3 e6 3.Bg5 Nf6 4.e3 Nbd7 5.Nbd2 h6 6.Bh4 Be7 7.Bd3 O-O 8.O-O 
c5 9.c3 Re8 10.Qe2 b6 11.e4 dxe4 12.Nxe4 Bb7 13.Nxf6+ Bxf6 14.Bg3 a6 15.
Rfd1 cxd4 16.cxd4 Qe7 17.Rac1 b5 18.Rc7 Bd5 19.Rdc1 g6 20.Qe3 Red8 21.h4 
Qf8 22.h5 gxh5 23.Ne5 Nxe5 24.dxe5 Bg5 25.f4 Be7 26.Qf2 Rac8 27.Bb1 Bc4 
28.Rxe7 Qxe7 29.Bh4 Qf8 30.Bf6 Rd3 31.Rc3 Rxc3 32.Kh2 Qc5 33.Qh4 Rc1 34.
Qg3+ Kf8 35.Qg7+ Ke8 36.Be4 Qg1+ 37.Kh3 Qh1+ 38.Kg3 Qe1+ 39.Kh2 Qxe4 40.
Qg8+ Kd7 41.Qxf7+ Kc6 42.Bh4 Rc2 43.Qg6 Qxg6 44.b3 0-1

[Event "35th Asia-ch U20"]
[Site "Sharjah UAE"]
[Date "2013.03.31"]
[Round "2.10"]
[White "Sultan, Marshool"]
[Black "Jaiswal, Rupesh"]
[Result "0-1"]
[WhiteElo "1736"]
[BlackElo "2014"]
[EventDate "2013.03.30"]

1.e4 e6 2.d4 d5 3.exd5 exd5 4.Bd3 Bd6 5.c3 Nf6 6.Qc2 h6 7.Ne2 c6 8.h3 Qc7 
9.Be3 Be6 10.Nd2 Nbd7 11.O-O-O O-O-O 12.b4 Kb8 13.Nb3 Rhe8 14.Nc5 Nf8 15.
a4 Bc8 16.b5 cxb5 17.axb5 N8d7 18.Qa4 Nxc5 19.dxc5 Bxc5 20.Bf4 Bd6 21.Be3 
b6 22.Nd4 Qxc3+ 23.Kb1 Bb7 24.Nc6+ Bxc6 25.bxc6 Qb4+ 26.Qxb4 Bxb4 27.Bf4+ 
Bd6 28.Bxd6+ Rxd6 29.Bb5 Kc7 30.Rd3 Re4 31.Rb3 d4 32.Kc2 Re5 33.Ra1 a5 34.
Rab1 Rc5+ 35.Kd3 Nd5 36.Re1 Nb4+ 37.Rxb4 axb4 38.Re7+ Kd8 39.Rd7+ Rxd7 40.
cxd7 Rxb5 0-1

[Event "35th Asia-ch U20"]
[Site "Sharjah UAE"]
[Date "2013.03.31"]
[Round "2.11"]
[White "Chahrour, Ibrahim"]
[Black "Ahmed, Fareed"]
[Result "1-0"]
[WhiteElo "1974"]
[BlackElo "1725"]
[EventDate "2013.03.30"]

1.e4 e6 2.d4 d5 3.Nc3 Nf6 4.e5 Nfd7 5.f4 c5 6.Nf3 Nc6 7.Be3 Be7 8.Qd2 O-O 
9.O-O-O c4 10.g4 b5 11.Nxb5 Bb4 12.c3 Rb8 13.Nxa7 Bxc3 14.Qxc3 Nxa7 15.f5 
Nb5 16.Qc2 exf5 17.gxf5 Qa5 18.a4 Nc7 19.Bd2 Qa7 20.f6 g6 21.Rg1 Rb3 22.
Bc3 Kh8 23.Qd2 Rg8 24.Bh3 Qxa4 25.Qh6 Rxc3+ 26.bxc3 Qa3+ 27.Kd2 Qb2+ 28.
Ke1 Nxf6 29.exf6 Qxc3+ 30.Kf2 Bxh3 31.Qxh3 Re8 32.Rge1 Ra8 33.Ng5 Ra2+ 34.
Kg1 1-0

[Event "35th Asia-ch U20"]
[Site "Sharjah UAE"]
[Date "2013.03.31"]
[Round "2.12"]
[White "Walid, Anwar"]
[Black "Al-Zaruoni, Fahad"]
[Result "1-0"]
[WhiteElo "1893"]
[BlackElo "1623"]
[EventDate "2013.03.30"]

1.d4 d5 2.c4 Nf6 3.Nc3 dxc4 4.e3 a6 5.a4 Bf5 6.Bxc4 e6 7.Nf3 Be7 8.O-O O-O
9.Qe2 c5 10.Rd1 Qc7 11.e4 Bg4 12.e5 Bxf3 13.gxf3 Nfd7 14.f4 cxd4 15.Rxd4 
Nb6 16.Ba2 Nc6 17.Rd1 Rfd8 18.Be3 Rxd1+ 19.Rxd1 Rd8 20.Bb1 Rxd1+ 21.Qxd1 
Nc4 22.Qd3 1-0

[Event "35th Asia-ch U20"]
[Site "Sharjah UAE"]
[Date "2013.04.01"]
[Round "3.1"]
[White "Salem, A.R. Saleh"]
[Black "Kowsarinia, Amir"]
[Result "1-0"]
[WhiteElo "2518"]
[BlackElo "2301"]
[EventDate "2013.03.30"]

1.d4 d5 2.c4 e6 3.Nf3 c5 4.cxd5 exd5 5.Nc3 Nc6 6.Be3 c4 7.g3 Bb4 8.Bg2 
Nge7 9.O-O O-O 10.a3 Ba5 11.Bf4 Bf5 12.b4 Bb6 13.Qd2 f6 14.Rac1 Bg4 15.Be3
Qd7 16.Na4 Kh8 17.Nc5 Qc8 18.Rfd1 Bd8 19.b5 Na5 20.Qb4 b6 21.Na6 Re8 22.
Nd2 Bxe2 23.Re1 Bd3 24.Bf4 Qd7 25.Nb8 Qb7 26.Qd6 Bg6 27.Nc6 Bf7 28.a4 
Naxc6 29.bxc6 Qc8 30.Qd7 g5 31.Bxd5 gxf4 32.Bxf7 Qxd7 33.cxd7 Rf8 34.Bxc4 
fxg3 35.hxg3 a6 36.Ne4 Nf5 37.Red1 Ng7 38.Nd6 Ra7 39.Nf7+ Rxf7 40.Bxf7 
Rxd7 41.Rc8 h6 42.Bg6 Rd6 43.d5 1-0

[Event "35th Asia-ch U20"]
[Site "Sharjah UAE"]
[Date "2013.04.01"]
[Round "3.2"]
[White "Ikramul, Haque Siam"]
[Black "Narayanan, Srinath"]
[Result "0-1"]
[WhiteElo "2079"]
[BlackElo "2440"]
[EventDate "2013.03.30"]

1.e4 c5 2.Nf3 d6 3.d4 Nf6 4.Nc3 cxd4 5.Nxd4 a6 6.Bg5 e6 7.f4 Be7 8.Qf3 Qc7
9.O-O-O Nbd7 10.g4 Rb8 11.Bxf6 Bxf6 12.g5 Bxd4 13.Rxd4 b5 14.a3 Qc5 15.Qd3
b4 16.axb4 Rxb4 17.Rxb4 Qxb4 18.Qc4 Qxc4 19.Bxc4 Ke7 20.h4 h6 21.Rf1 hxg5 
22.hxg5 Bb7 23.Rf2 a5 24.Kd2 Nc5 25.Ke3 Rh3+ 26.Kd4 f6 27.gxf6+ gxf6 28.
Bd3 e5+ 29.fxe5 fxe5+ 30.Kc4 Ba6+ 31.Kd5 Rxd3+ 32.cxd3 Nxd3 33.Kc6 Nxf2 
34.Nd5+ Kf7 35.Kxd6 Nd3 36.Nb6 Bb5 37.b3 Kg6 38.Nd5 Be8 39.Ne3 Bf7 40.Ng4 
Bxb3 41.Nxe5+ Nxe5 42.Kxe5 a4 43.Kd4 a3 44.Kc3 Ba4 0-1

[Event "35th Asia-ch U20"]
[Site "Sharjah UAE"]
[Date "2013.04.01"]
[Round "3.6"]
[White "Saiyn, Zhanat"]
[Black "Gameel, Mohamed"]
[Result "1-0"]
[WhiteElo "2278"]
[BlackElo "2217"]
[EventDate "2013.03.30"]

1.d4 Nf6 2.c4 e6 3.Nc3 d5 4.cxd5 exd5 5.Bg5 c6 6.Qc2 Be7 7.e3 O-O 8.Bd3 
Nbd7 9.Nf3 Re8 10.O-O Nf8 11.h3 Ng6 12.Ne5 Nd7 13.Bxe7 Qxe7 14.f4 Ngf8 15.
Rae1 f6 16.Nf3 Nb6 17.g4 Be6 18.f5 Bf7 19.Qh2 Nc8 20.Qf4 Qd6 21.Qxd6 Nxd6 
22.Kf2 Nd7 23.Nd2 Re7 24.a3 Rae8 25.b4 b5 26.a4 a5 27.axb5 axb4 28.bxc6 
bxc3 29.cxd7 Rxd7 30.Nb1 Rb7 31.Nxc3 Rb3 32.Rc1 h5 33.Rc2 Ra8 34.Ke2 Raa3 
35.Kd2 Kh7 36.Rb1 Kh6 37.Rxb3 Rxb3 38.Nd1 hxg4 39.hxg4 Rb6 40.Nf2 Kg5 41.
Ke2 Be8 42.Kf3 Rb3 43.Nh3+ Kh6 44.Nf4 Kh7 45.Rc7 Kg8 46.Bc2 Rb5 47.Ba4 Rb1
48.Bxe8 Nxe8 49.Rd7 Rf1+ 50.Kg2 Re1 51.Kf2 Ra1 52.Nxd5 Ra8 53.Ne7+ Kh7 54.
Ng6 Kh6 55.Nf4 Kg5 56.Kg3 Rc8 57.Ne6+ Kh6 58.Kf4 Rb8 59.Rf7 Kh7 60.Rf8 Rc8
61.g5 Ra8 1-0

[Event "35th Asia-ch U20"]
[Site "Sharjah UAE"]
[Date "2013.04.01"]
[Round "3.7"]
[White "Chahrour, Ibrahim"]
[Black "Iyti, Basher"]
[Result "0-1"]
[WhiteElo "1974"]
[BlackElo "2292"]
[EventDate "2013.03.30"]

1.e4 Nc6 2.Nc3 Nf6 3.f4 d6 4.Nf3 Bg4 5.Bb5 Qd7 6.d4 a6 7.Bxc6 Qxc6 8.h3 
Bd7 9.Qd3 b5 10.d5 Qb7 11.e5 b4 12.exf6 bxc3 13.bxc3 gxf6 14.Be3 c5 15.Kf2
h5 16.f5 h4 17.Qe4 Bh6 18.Bxh6 Rxh6 19.Rhe1 Bc8 20.Nxh4 Kf8 21.Nf3 Qd7 22.
g4 Rb8 23.h4 Rb2 24.Rab1 Rxa2 25.Rb8 Rh8 26.g5 Kg7 27.Rg1 Qa4 28.gxf6+ 
Kxf6 29.Qe3 Qxc2+ 30.Kg3 Rg8+ 31.Ng5 Qxf5 32.Qf4 Qxf4+ 33.Kxf4 Ra4+ 34.Rb4
e5+ 35.dxe6 cxb4 36.Ne4+ Kxe6 37.Rxg8 bxc3 38.Rxc8 f5 39.Re8+ Kd7 0-1

[Event "35th Asia-ch U20"]
[Site "Sharjah UAE"]
[Date "2013.04.01"]
[Round "3.8"]
[White "Walid, Anwar"]
[Black "Mukashev, Assan"]
[Result "0-1"]
[WhiteElo "1893"]
[BlackElo "2256"]
[EventDate "2013.03.30"]

1.d4 Nf6 2.c4 g6 3.Nc3 d5 4.e3 Bg7 5.cxd5 Nxd5 6.Nxd5 Qxd5 7.Ne2 Qd8 8.Nc3
O-O 9.Be2 c5 10.d5 a6 11.a4 b6 12.O-O Nd7 13.e4 Ra7 14.Bg5 h6 15.Bh4 g5 
16.Bg3 f5 17.exf5 Ne5 18.f4 gxf4 19.Rxf4 Bxf5 20.Qf1 Qc8 21.Kh1 Ng6 22.Rf3
h5 23.Bd3 Bxd3 24.Rxf8+ Nxf8 25.Qxd3 Nh7 26.Rf1 Nf6 27.Ne4 Nxe4 28.Qxe4 
Qg4 29.Qxg4 hxg4 30.b3 Rd7 31.Rd1 Bd4 32.Re1 Kf7 33.Re4 Rxd5 34.Rxg4 Bf6 
35.h4 Rd3 36.h5 Rxb3 37.Bf2 Rb4 38.Rg3 Rh4+ 0-1